Summer Olympics quiz book 1896-2016 (Urdu) (Record no. 71645)
[ view plain ]
| 000 -LEADER | |
|---|---|
| fixed length control field | 00503nam a22001817a 4500 |
| 003 - CONTROL NUMBER IDENTIFIER | |
| control field | NUST - PNEC |
| 005 - DATE AND TIME OF LATEST TRANSACTION | |
| control field | 20170116181206.0 |
| 008 - FIXED-LENGTH DATA ELEMENTS--GENERAL INFORMATION | |
| fixed length control field | 161118b xxu||||| |||| 00| 0 eng d |
| 020 ## - INTERNATIONAL STANDARD BOOK NUMBER | |
| International Standard Book Number | - |
| 040 ## - CATALOGING SOURCE | |
| Transcribing agency | LIBRARY |
| 082 ## - DEWEY DECIMAL CLASSIFICATION NUMBER | |
| Classification number | 796.48 RAZ |
| 100 ## - MAIN ENTRY--PERSONAL NAME | |
| 9 (RLIN) | 16843 |
| Personal name | Raza, Syed Javed |
| 245 ## - TITLE STATEMENT | |
| Title | Summer Olympics quiz book 1896-2016 (Urdu) |
| Statement of responsibility, etc. | Syed Javed Raza |
| 260 ## - PUBLICATION, DISTRIBUTION, ETC. | |
| Place of publication, distribution, etc. | Karachi: |
| Name of publisher, distributor, etc. | Al Asar Publishers; |
| Date of publication, distribution, etc. | 2016 |
| 300 ## - PHYSICAL DESCRIPTION | |
| Extent | 234 pages |
| Dimensions | 25 cm |
| 650 ## - SUBJECT ADDED ENTRY--TOPICAL TERM | |
| 9 (RLIN) | 16844 |
| Topical term or geographic name entry element | Sports, Olympic |
| General subdivision | General |
| 942 ## - ADDED ENTRY ELEMENTS (KOHA) | |
| Source of classification or shelving scheme | |
| Koha item type | Book |
| Withdrawn status | Lost status | Source of classification or shelving scheme | Damaged status | Not for loan | Permanent Location | Current Location | Shelving location | Date acquired | Source of acquisition | Total Checkouts | Full call number | Barcode | Date last seen | Price effective from | Koha item type |
|---|---|---|---|---|---|---|---|---|---|---|---|---|---|---|---|
| Pakistan Navy Engineering College (PNEC) | Pakistan Navy Engineering College (PNEC) | 11/17/2016 | Donated | 796.48 RAZ | PNECLIB-032822 | 11/18/2016 | 11/17/2016 | Book | |||||||
| Pakistan Navy Engineering College (PNEC) | Pakistan Navy Engineering College (PNEC) | 11/17/2016 | Donated | 796.48 RAZ | PNECLIB-032823 | 11/18/2016 | 11/17/2016 | Book |
